000 00583nam a2200217Ia 4500
003 OSt
005 20240514143018.0
008 210210b2007 xxu||||| |||| 00| 0 eng d
040 _cAL
041 _aKannada
082 _aK894.3 VIVA
100 _aVIVEKANANDA KAMATH
_dವಿವೇಕಾನಂದ ಕಾಮತ್
_9164430
245 _aAnavarana
_b ಅನಾವರಣ
260 _aBengaluru
_bNot Mentioned
_c2007
300 _a224
650 _aKadambari
_9164431
650 _aAnavarana
_9164432
690 _aKannada Fiction
_9164433
906 _a063138
942 _2ddc
_cBK
999 _c134404
_d134404